| 000 | 00689nam a2200229 a 4500 | ||
|---|---|---|---|
| 001 | BRCA_3514 | ||
| 005 | 20190320204321.0 | ||
| 008 | 250709s1904----fr-a---###---#000-0#spa-# | ||
| 041 | _aspa | ||
| 044 | _afr | ||
| 050 | 4 |
_aF1233.J8 _b.B85 1904 |
|
| 100 | 1 |
_aBulnes, Francisco _d1853-1924. _99126 |
|
| 245 | 1 | 0 |
_aEl verdadero Juárez y la verdad sobre la intervención y el imperio _cpor Francisco Bulnes. |
| 260 |
_aParís : México _bLa Vda. de C. Bouret _c1904 |
||
| 300 |
_a873 p. _bil. _c22 cm. |
||
| 440 | 0 |
_aBiblioteca de historia _99132 |
|
| 500 | _aB118. | ||
| 600 | 1 | 4 |
_aJuárez, Benito _d1806-1872. _94845 |
| 651 | 4 |
_aMéxico _xHistoria. _9614 |
|
| 902 | _aGFM | ||
| 942 |
_2lcc _cB |
||
| 999 |
_c3249 _d3249 |
||